[Event "Yerevan op 2nd"]
[Site "Yerevan"]
[Date "2017.09.19"]
[Round "1"]
[White "Mitoyan, Zhores"]
[Black "Babayan, Armine"]
[Result "0-1"]
[WhiteElo "1440"]
[BlackElo "2168"]
[PlyCount "84"]
[EventDate "2017.09.19"]
[EventType "swiss"]
[EventRounds "9"]
[EventCountry "ARM"]
[SourceTitle "CBM 180 Extra"]
[Source "ChessBase"]
[SourceDate "2017.10.06"]
[SourceVersion "1"]
[SourceVersionDate "2017.10.06"]
[SourceQuality "1"]

1. d4 Nf6 2. Nf3 b6 3. g3 Bb7 4. Bg2 e6 5. 0-0 Be7 6. c4 0-0 7. Nc3 d5 8. Ne5 Nbd7 9. f4 Qc8 10. cxd5 Nxd5 11. e4 Nxc3 12. bxc3 Nf6 13. Re1 Rd8 14. Qb3 c5 15. Bb2 Bd6 16. Rad1 Qc7 17. a3 Rac8 18. Rc1 Ne8 19. Ng4 c4 20. Qc2 b5 21. e5 Be7 22. Ne3 Bxg2 23. Kxg2 Qc6+ 24. Kg1 Nc7 25. f5 Bg5 26. Ng4 Qf3 27. Nf2 exf5 28. Rcd1 Nd5 29. Qe2 Qxe2 30. Rxe2 a5 31. Rde1 b4 32. axb4 axb4 33. cxb4 c3 34. Bc1 Bxc1 35. Rxc1 Nxb4 36. Nd1 c2 37. Ne3 Rxd4 38. Kf1 g6 39. h4 f4 40. gxf4 Rxf4+ 41. Kg2 Rxh4 42. Rd2 Re4 0-1